000 02483cam a22002054a 4500
005 20250605163946.0
008 250528s ||||||||||||||||||||||||d
035 _a15200
020 _a205088473
040 _aGR-AtMCL
_bgre
_dGR-AtMCL
_eAACR2
245 1 _aEssentials of Corporate Finance
260 _bAddison-Wesley Publishing Company,
_c1987
300 _a716
505 0 _aPreface, Introduction, Financial Management: Scope and Objectives, The Business Environment, Basic Concepts, The Time Value of Money, Value Bonds in Financial Markets, Value of Stocks in Financial Markets, Capital Budgeting, The Cost of Capital, Basic of Capital Budgeting, Capital Budgeting: Deriving the Cash Fows, Selected Capital Budgeting Topics, Capital Budgeting Under Risk, Capital Structure and Dividend Policy, Financing Policy: Financial Leverage and Value, The Dividend Decision: Procedure and Policy and Effect of Value, Financial Analysis and Forecasting, Analysis of Financial Statetements, Financial Forecasting and Planning, Working Capital Management, Managing Currents Assets: Cash and Marketable Securities, Managing Accounts Receivable and Inventories, Short-Term and Intermediate-Term Financing, Long-Term Financing, Leasing, Raising Long-Term Funds, Common Stock, Long-Term Debt and Preffered Stock, Convertibles and Warrants, Other Topics, Mergers and Acquisitions, Index.
520 _aPreface, Introduction, Financial Management: Scope and Objectives, The Business Environment, Basic Concepts, The Time Value of Money, Value Bonds in Financial Markets, Value of Stocks in Financial Markets, Capital Budgeting, The Cost of Capital, Basic of Capital Budgeting, Capital Budgeting: Deriving the Cash Fows, Selected Capital Budgeting Topics, Capital Budgeting Under Risk, Capital Structure and Dividend Policy, Financing Policy: Financial Leverage and Value, The Dividend Decision: Procedure and Policy and Effect of Value, Financial Analysis and Forecasting, Analysis of Financial Statetements, Financial Forecasting and Planning, Working Capital Management, Managing Currents Assets: Cash and Marketable Securities, Managing Accounts Receivable and Inventories, Short-Term and Intermediate-Term Financing, Long-Term Financing, Leasing, Raising Long-Term Funds, Common Stock, Long-Term Debt and Preffered Stock, Convertibles and Warrants, Other Topics, Mergers and Acquisitions, Index.
700 1 _aHorim-Ben Moshe
_91089
942 _cBK
999 _c794
_d794